00433 2200169 4500245006100000020002200061250000900083100002200092700002400114650001600138005001900154260003500173041001400208084001100222300002100233336000900254 aKKN b : Kuliah Kerja NgebapercNurul Vidya UtamihText a978-602-1201-93-0 a2020 aNurul Vidya Utami aFajar Diana Safitri aNovel Fiksi a20240904093100 aJakarta SelatanbReneluvc2020 aIndonesia a808.83 a380 hlm :c20 cm atext